000
00191 a2200097 4500
001
8388
090
_c
6758
_d
6758
100
_a
Treeble, H A
245
_a
Nareative essay & sketches
260
_b
Fliveap
942
_a
NUST-CAE
999
_c
243461
_d
243461